<?xml version="1.0" encoding="UTF-8"?><?xml-stylesheet type="text/xsl" href="static/style.xsl"?><OAI-PMH xmlns="http://www.openarchives.org/OAI/2.0/" xmlns:xsi="http://www.w3.org/2001/XMLSchema-instance" xsi:schemaLocation="http://www.openarchives.org/OAI/2.0/ http://www.openarchives.org/OAI/2.0/OAI-PMH.xsd"><responseDate>2026-04-14T08:24:54Z</responseDate><request verb="GetRecord" identifier="oai:www.recercat.cat:2117/425125" metadataPrefix="marc">https://recercat.cat/oai/request</request><GetRecord><record><header><identifier>oai:recercat.cat:2117/425125</identifier><datestamp>2026-01-23T04:29:37Z</datestamp><setSpec>com_2072_1033</setSpec><setSpec>col_2072_452950</setSpec></header><metadata><record xmlns="http://www.loc.gov/MARC21/slim" xmlns:dcterms="http://purl.org/dc/terms/" xmlns:xsi="http://www.w3.org/2001/XMLSchema-instance" xmlns:doc="http://www.lyncode.com/xoai" xsi:schemaLocation="http://www.loc.gov/MARC21/slim http://www.loc.gov/standards/marcxml/schema/MARC21slim.xsd">
   <leader>00925njm 22002777a 4500</leader>
   <datafield ind2=" " ind1=" " tag="042">
      <subfield code="a">dc</subfield>
   </datafield>
   <datafield ind2=" " ind1=" " tag="720">
      <subfield code="a">Abenza Martínez, Misael</subfield>
      <subfield code="e">author</subfield>
   </datafield>
   <datafield ind2=" " ind1=" " tag="720">
      <subfield code="a">Labad, Francesc</subfield>
      <subfield code="e">author</subfield>
   </datafield>
   <datafield ind2=" " ind1=" " tag="720">
      <subfield code="a">Gibert Agulló, Oriol</subfield>
      <subfield code="e">author</subfield>
   </datafield>
   <datafield ind2=" " ind1=" " tag="720">
      <subfield code="a">Pablo Ribas, Joan de</subfield>
      <subfield code="e">author</subfield>
   </datafield>
   <datafield ind2=" " ind1=" " tag="720">
      <subfield code="a">Pérez, Sandra</subfield>
      <subfield code="e">author</subfield>
   </datafield>
   <datafield ind2=" " ind1=" " tag="720">
      <subfield code="a">Vázquez Suñé, Enric</subfield>
      <subfield code="e">author</subfield>
   </datafield>
   <datafield ind2=" " ind1=" " tag="720">
      <subfield code="a">Teixidó, Marc</subfield>
      <subfield code="e">author</subfield>
   </datafield>
   <datafield ind2=" " ind1=" " tag="260">
      <subfield code="c">2024-10</subfield>
   </datafield>
   <datafield ind2=" " ind1=" " tag="520">
      <subfield code="a">The rapid growth of population and the effects of climate change have placed unprecedented pressure on urban water supplies and pollution control. Consequently, it is essential to explore new local water resources in water-strained areas. To this end, this work focuses on evaluating pollutant removal effectiveness of decentralized treatment systems for groundwater reclamation. Two pilot-scale treatment trains, Treatment Line 1 (L1) and Treatment Line 2 (L2), which use membrane-free (with granulated activated carbon as the main process) or membrane-based (with reverse osmosis as the primary technology), were compared for their effectiveness in reducing concentrations of organic contaminants of emerging concern (CECs). Additionally, the effect of sodium hypochlorite addition for biofilm control on the contaminant removal performance was also examined. Results from the analysis of nearly 120 trace organic compounds (only 21 were detected in the raw water) showed that L2 significantly overperformed L1. Furthermore, the addition of a pre-chlorination step did not improve the removal performance. Regarding trace organic compounds, L1 without pre-chlorination averaged an overall good removal performance (94 ± 12%). However, Irbesartan, gemfibrozil and gabapentin showed moderate removals (50–90%) and Valsartan was poorly removed (&lt;50%). After pre-chlorinating L1, the overall removal performance decreased (86 ± 20%).&#xd;
Nearly one third of the target contaminants showed moderate removal (50–90%), with Irbesartan and Valsartan exhibiting poor attenuations (&lt;50%), highlighting that negatively-charged compounds were challenging to eliminate. In contrast, L2 exhibited very high removals (>99%) on all studied trace organic contaminants regardless of pre-chlorination. Our study also identified several indicator compounds to monitor CEC removal. Finally, considering the trade-offs between cost and final water use (non-potable), L1-based schemes with intermittent pre-chlorination could be the preferred implementation option. The results of this work will offer valuable insights into decentralized treatment systems, assisting decision-makers in choosing suitable approaches for sustainable urban water management.</subfield>
   </datafield>
   <datafield ind2=" " ind1=" " tag="520">
      <subfield code="a">Peer Reviewed</subfield>
   </datafield>
   <datafield ind2=" " ind1=" " tag="520">
      <subfield code="a">Postprint (author's final draft)</subfield>
   </datafield>
   <datafield tag="653" ind2=" " ind1=" ">
      <subfield code="a">Àrees temàtiques de la UPC::Enginyeria química</subfield>
   </datafield>
   <datafield tag="653" ind2=" " ind1=" ">
      <subfield code="a">Water reclamation</subfield>
   </datafield>
   <datafield tag="653" ind2=" " ind1=" ">
      <subfield code="a">Groundwater</subfield>
   </datafield>
   <datafield tag="653" ind2=" " ind1=" ">
      <subfield code="a">Emerging contaminants</subfield>
   </datafield>
   <datafield tag="653" ind2=" " ind1=" ">
      <subfield code="a">Chlorination</subfield>
   </datafield>
   <datafield tag="653" ind2=" " ind1=" ">
      <subfield code="a">Membrane-based treatment</subfield>
   </datafield>
   <datafield ind2="0" ind1="0" tag="245">
      <subfield code="a">Sustainable urban water management: Evaluating two pilot-scale advanced decentralized treatment systems for removal of organic contaminants of emerging concern in reclaimed groundwater</subfield>
   </datafield>
</record></metadata></record></GetRecord></OAI-PMH>